Online
Catalog

¡Qué lindo es soñar! ¡Qué lindo es vivir! = How womderful it is to dream! How womderful it is to live! / (Record no. 50806)

MARC details
000 -CABECERA
campo de control de longitud fija 00996nam a2200241 a 4500
003 - IDENTIFICADOR DEL NÚMERO DE CONTROL
campo de control DO-SdBNP
005 - FECHA Y HORA DE LA ÚLTIMA TRANSACCIÓN
campo de control 20211025085511.0
007 - CAMPO FIJO DE DESCRIPCIÓN FÍSICA--INFORMACIÓN GENERAL
campo de control de longitud fija ta
008 - DATOS DE LONGITUD FIJA--INFORMACIÓN GENERAL
campo de control de longitud fija 211022e2021 dr a|||jr|||| 00| j spa d
020 ## - NÚMERO INTERNACIONAL ESTÁNDAR DEL LIBRO
Número Internacional Estándar del Libro 9789945221008
040 ## - FUENTE DE LA CATALOGACIÓN
Centro catalogador/agencia de origen DO-SdBNP
Lengua de catalogación spa
Centro/agencia transcriptor BNPHU
082 #4 - NÚMERO DE LA CLASIFICACIÓN DECIMAL DEWEY
Número de edición 22
Número de documento/Ítem G633q
100 1# - ENTRADA PRINCIPAL--NOMBRE DE PERSONA
Nombre de persona Gómez , Marisol
9 (RLIN) 80319
245 ## - MENCIÓN DE TÍTULO
Título ¡Qué lindo es soñar! ¡Qué lindo es vivir! = How womderful it is to dream! How womderful it is to live! /
Mención de responsabilidad, etc. Marisol Gómez; ilustración, Desiree Gneco; edición, Ruth Herrera; traducción, Lauren García de Maradiaga, Luis Eduardo García Gómez
246 ## - FORMA VARIANTE DE TÍTULO
Título propio/Titulo breve How womderful it is to dream! How womderful it is to live!
260 ## - PUBLICACIÓN, DISTRIBUCIÓN, ETC.
Lugar de publicación, distribución, etc. [Santo Domingo] :
Nombre del editor, distribuidor, etc. Búho,
Fecha de publicación, distribución, etc. 2021
300 ## - DESCRIPCIÓN FÍSICA
Extensión 47 p. :
Otras características físicas il. ;
Dimensiones 28 cm.
700 1# - PUNTO DE ACCESO ADICIONAL--NOMBRE DE PERSONA
Nombre de persona Gneco, Desiree
Término indicativo de función/relación ilustración
9 (RLIN) 80320
700 1# - PUNTO DE ACCESO ADICIONAL--NOMBRE DE PERSONA
9 (RLIN) 72670
Nombre de persona Herrera, Ruth,
Término indicativo de función/relación editora
700 1# - PUNTO DE ACCESO ADICIONAL--NOMBRE DE PERSONA
Nombre de persona García de Maradiaga, Lauren ,
Término indicativo de función/relación traducción
9 (RLIN) 80321
710 1# - PUNTO DE ACCESO ADICIONAL--NOMBRE DE ENTIDAD CORPORATIVA
Nombre de entidad corporativa o nombre de jurisdicción como elemento de entrada García Gómez, Luis Eduardo,
Término indicativo de función/relación traducción
9 (RLIN) 80322
942 ## - ELEMENTOS DE PUNTO DE ACCESO ADICIONAL (KOHA)
Fuente del sistema de clasificación o colocación Dewey Decimal Classification
Tipo de ítem Koha Libro
Holdings
Estado de retiro Estado de pérdida Fuente del sistema de clasificación o colocación Restricciones de uso No para préstamo Código de colección Localización permanente Ubicación/localización actual Ubicación en estantería Fecha de adquisición Fuente de adquisición Total de préstamos Signatura topográfica completa Código de barras Fecha visto por última vez Precio válido a partir de Tipo de ítem Koha Número de copia
    Dewey Decimal Classification Préstamo en sala   Infantojuvenil Patrimonio Dominicano Dominicana Biblioteca Nacional Pedro Henríquez Ureña Depósito 08.07.2021 Depósito legal / Editora Búho   G633q 2021-27567 22.10.2021 22.10.2021 Libro e.3
    Dewey Decimal Classification Excluido de préstamo   Infantojuvenil Patrimonio Dominicano Biblioteca Nacional Pedro Henríquez Ureña Patrimonio Dominicano Depósito 08.07.2021 Depósito legal / Editora Búho   G633q 2021-27565 22.10.2021 22.10.2021 Libro  
    Dewey Decimal Classification Excluido de préstamo   Infantojuvenil Patrimonio Dominicano Biblioteca Nacional Pedro Henríquez Ureña Patrimonio Dominicano Depósito 08.07.2021 Depósito legal / Editora Búho   G633q 2021-27566 22.10.2021 22.10.2021 Libro e.2

Powered by Koha